[Event "SWE-chT 2223 Elite"]
[Site "Sweden"]
[Date "2023.03.11"]
[Round "8.4"]
[White "Nilsson, Patrik"]
[Black "Von Bahr, Oskar"]
[Result "0-1"]
[WhiteElo "2184"]
[BlackElo "2381"]
[PlyCount "82"]
[EventDate "2022.10.14"]
[EventType "team-tourn"]
[EventRounds "9"]
[EventCountry "SWE"]
[SourceTitle "CBM 213 Extra"]
[Source "ChessBase"]
[SourceDate "2023.05.31"]
[SourceVersion "1"]
[SourceVersionDate "2023.05.31"]
[SourceQuality "1"]
[WhiteTeam "Helsingborg"]
[BlackTeam "Kungstornet"]
[WhiteTeamCountry "SWE"]
[BlackTeamCountry "SWE"]

1. d4 Nf6 2. Bf4 g6 3. Nc3 d5 4. e3 Bg7 5. h4 h5 6. Nf3 Bg4 7. Qd2 Bxf3 8. gxf3 c6 9. e4 e6 10. 0-0-0 Nbd7 11. Kb1 a6 12. Bg5 Qc7 13. Bf4 Qd8 14. Bg5 Qc7 15. Bf4 Qc8 16. Bd6 Bf8 17. Bxf8 Rxf8 18. Bh3 Qc7 19. Rhe1 0-0-0 20. Qg5 Kb8 21. Re3 Nh7 22. Qh6 Rh8 23. Na4 Qh2 24. Rb3 Qxh3 25. Qf4+ e5 26. dxe5 Qe6 27. exd5 cxd5 28. Qb4 b5 29. Nc3 Rc8 30. Nxb5 axb5 31. Qxb5+ Nb6 32. Qxb6+ Qxb6 33. Rxb6+ Kc7 34. Ra6 Ra8 35. Rxa8 Rxa8 36. Rxd5 Ra4 37. b3 Rxh4 38. a4 Rf4 39. Rb5 h4 40. Rd5 h3 41. Rd1 Ng5 0-1

[Event "SWE-chT 2223 Elite"]
[Site "Sweden"]
[Date "2023.03.10"]
[Round "7.5"]
[White "Nilsson, Patrik"]
[Black "Hauge, Lars Oskar"]
[Result "0-1"]
[WhiteElo "2184"]
[BlackElo "2531"]
[PlyCount "124"]
[EventDate "2022.10.14"]
[EventType "team-tourn"]
[EventRounds "9"]
[EventCountry "SWE"]
[SourceTitle "CBM 213 Extra"]
[Source "ChessBase"]
[SourceDate "2023.05.31"]
[SourceVersion "1"]
[SourceVersionDate "2023.05.31"]
[SourceQuality "1"]
[WhiteTeam "Helsingborg"]
[BlackTeam "Stockholm CC"]
[WhiteTeamCountry "SWE"]
[BlackTeamCountry "SWE"]

1. d4 Nf6 2. Bf4 b6 3. Nc3 Bb7 4. f3 a6 5. e4 d5 6. e5 Nfd7 7. Be3 c5 8. f4 cxd4 9. Qxd4 e6 10. Nf3 Nc6 11. Qd2 Rc8 12. Bd3 Nc5 13. Nd4 Nxd3+ 14. cxd3 Nxd4 15. Bxd4 Bc5 16. Ne2 Qh4+ 17. g3 Qh3 18. b4 Be7 19. Kf2 0-0 20. Ng1 Qf5 21. Nf3 a5 22. b5 f6 23. Rhc1 fxe5 24. Nxe5 Bc5 25. Qe3 Ba3 26. Rxc8 Rxc8 27. Re1 Re8 28. Nf3 Bd6 29. Bxb6 d4 30. Qxd4 Qh5 31. Re4 Bxe4 32. dxe4 Bb4 33. Qd7 Bc5+ 34. Bxc5 Qxc5+ 35. Kg2 Qe7 36. Qc6 Rd8 37. a4 h6 38. Qc4 Kh7 39. Nd4 e5 40. Nf5 Rd2+ 41. Kf3 Qa7 42. Ne3 exf4 43. gxf4 Qd7 44. e5 Qh3+ 45. Ke4 Qxh2 46. Qf7 Qh1+ 47. Kf5 Qh3+ 48. Ke4 Re2 49. Qb3 Qh1+ 50. Kd4 Rd2+ 51. Kc5 Qe4 52. Nd5 Kh8 53. b6 Qd4+ 54. Kc6 Rb2 55. Qa3 Qc4+ 56. Kd6 Rc2 57. Ne3 Rd2+ 58. Ke7 Qc6 59. e6 Qb7+ 60. Ke8 Qc8+ 61. Ke7 Qd8+ 62. Kf7 Qf6+ 0-1

[Event "Skara Vastgota op"]
[Site "Skara"]
[Date "2022.10.30"]
[Round "6"]
[White "Eklund, Lars Goran"]
[Black "Nilsson, Patrik"]
[Result "1/2-1/2"]
[WhiteElo "2156"]
[BlackElo "2184"]
[PlyCount "116"]
[EventDate "2022.10.29"]
[EventType "swiss"]
[EventRounds "9"]
[EventCountry "SWE"]
[SourceTitle "EXT 2024"]
[Source "ChessBase"]
[SourceDate "2023.10.10"]
[SourceVersion "1"]
[SourceVersionDate "2023.10.10"]
[SourceQuality "1"]

1. Nf3 f5 2. e4 fxe4 3. Ng5 d5 4. d3 Qd6 5. dxe4 h6 6. Qh5+ g6 7. Qh4 Qe5 8. Nf3 Qxe4+ 9. Qxe4 dxe4 10. Ne5 g5 11. Ng6 Rh7 12. Nxf8 Kxf8 13. h4 g4 14. Bf4 c6 15. Nc3 Bf5 16. 0-0-0 Ke8 17. g3 Nf6 18. Bg2 Nbd7 19. Rhe1 Nc5 20. b4 Ne6 21. Be3 a5 22. a3 axb4 23. axb4 Ra1+ 24. Kb2 Rxd1 25. Rxd1 Nc7 26. Bd4 Ncd5 27. Bxf6 Nxf6 28. Re1 Rf7 29. Nxe4 Nxe4 30. Bxe4 Bxe4 31. Rxe4 h5 32. Re2 Rf3 33. Kc1 Kf7 34. b5 cxb5 35. Re5 Rxf2 36. Rxh5 Rf3 37. Rxb5 Rxg3 38. Kd2 Rh3 39. h5 g3 40. Rg5 Kf6 41. Rg6+ Kf5 42. Ke3 g2+ 43. Kf2 Rc3 44. Kxg2 Rxc2+ 45. Kf3 Rc3+ 46. Ke2 Rc6 47. Rg7 Kf6 48. Rg8 Kf7 49. Rg5 b6 50. Kd3 Rf6 51. Kc4 e6 52. Rb5 Rf5 53. Rxb6 Rxh5 54. Kd4 Kf6 55. Ke4 Rh4+ 56. Ke3 Ra4 57. Rb5 e5 58. Rb8 Kf5 1/2-1/2

[Event "Skara Vastgota op"]
[Site "Skara"]
[Date "2022.10.30"]
[Round "9"]
[White "Madebrink, Lars"]
[Black "Nilsson, Patrik"]
[Result "1-0"]
[WhiteElo "2095"]
[BlackElo "2184"]
[PlyCount "101"]
[EventDate "2022.10.29"]
[EventType "swiss"]
[EventRounds "9"]
[EventCountry "SWE"]
[SourceTitle "EXT 2024"]
[Source "ChessBase"]
[SourceDate "2023.10.10"]
[SourceVersion "1"]
[SourceVersionDate "2023.10.10"]
[SourceQuality "1"]

1. d4 f5 2. Nf3 Nf6 3. g3 g6 4. Bg2 Bg7 5. b3 0-0 6. Bb2 d6 7. 0-0 Ne4 8. Nbd2 Nc6 9. e3 e5 10. dxe5 Nxd2 11. Qxd2 dxe5 12. Qe2 Qe7 13. Rad1 e4 14. Nd4 Ne5 15. Ba1 a6 16. c4 c5 17. Nc2 Be6 18. Rd2 Rfd8 19. Rfd1 Kf7 20. Ne1 Ke8 21. Bxe5 Bxe5 22. f3 exf3 23. Qxf3 Bc3 24. Rxd8+ Rxd8 25. Nc2 b5 26. Qc6+ Kf7 27. Rxd8 Qxd8 28. Bd5 Qe7 29. cxb5 axb5 30. Bxe6+ Qxe6 31. Qxc5 b4 32. Kf2 Qe4 33. Qc4+ Qxc4 34. bxc4 g5 35. Ke2 h5 36. Kd3 Be5 37. Nxb4 g4 38. Nd5 h4 39. Nf4 h3 40. c5 Bb2 41. a4 Ke7 42. Kc4 Kd7 43. Kd5 Bc1 44. c6+ Kc8 45. Ke6 Bxe3 46. Kxf5 Bg1 47. Kxg4 Bxh2 48. Kxh3 Bxg3 49. Kxg3 Kc7 50. Nd5+ Kxc6 51. Nc3 1-0

[Event "Skara Vastgota op"]
[Site "Skara"]
[Date "2022.10.29"]
[Round "3"]
[White "Nilsson, Patrik"]
[Black "Blomqvist, Erik"]
[Result "0-1"]
[WhiteElo "2184"]
[BlackElo "2526"]
[PlyCount "52"]
[EventDate "2022.10.29"]
[EventType "swiss"]
[EventRounds "9"]
[EventCountry "SWE"]
[SourceTitle "EXT 2024"]
[Source "ChessBase"]
[SourceDate "2023.10.10"]
[SourceVersion "1"]
[SourceVersionDate "2023.10.10"]
[SourceQuality "1"]

1. d4 Nf6 2. Bf4 d5 3. e3 c5 4. c3 Nc6 5. Nd2 Bf5 6. Ngf3 e6 7. Qb3 Qc8 8. c4 cxd4 9. Nxd4 Nxd4 10. exd4 dxc4 11. Nxc4 Nd5 12. Bd2 Be7 13. Ne5 0-0 14. Rc1 Qd8 15. Be2 Bg5 16. Bxg5 Qxg5 17. 0-0 Nf4 18. Bf3 Bh3 19. Qxb7 Rab8 20. Qe4 Rxb2 21. Kh1 f5 22. Qc6 Rb6 23. gxh3 Rxc6 24. Rxc6 Nxh3 25. Rxe6 Rb8 26. Rc6 Nxf2+ 0-1

[Event "SWE-chT 2223 Elite"]
[Site "Sweden"]
[Date "2022.10.14"]
[Round "1.4"]
[White "Cramling, Dan"]
[Black "Nilsson, Patrik"]
[Result "1-0"]
[WhiteElo "2289"]
[BlackElo "2184"]
[PlyCount "74"]
[EventDate "2022.10.14"]
[EventType "team-tourn"]
[EventRounds "9"]
[EventCountry "SWE"]
[SourceTitle "CBM 210 Extra"]
[Source "ChessBase"]
[SourceDate "2022.11.30"]
[SourceVersion "1"]
[SourceVersionDate "2022.11.30"]
[SourceQuality "1"]
[WhiteTeam "Wasa"]
[BlackTeam "Helsingborg"]
[WhiteTeamCountry "SWE"]
[BlackTeamCountry "SWE"]

1. d4 f5 2. g3 Nf6 3. Bg2 g6 4. c4 Bg7 5. Nc3 0-0 6. Nf3 d6 7. d5 Na6 8. Nd4 Nc5 9. b4 Nce4 10. Bb2 Nxc3 11. Bxc3 Ne4 12. Bxe4 fxe4 13. 0-0 e5 14. dxe6 c5 15. Nb5 Bxc3 16. Nxc3 Bxe6 17. Nxe4 cxb4 18. Qd4 d5 19. cxd5 Qxd5 20. Nf6+ Rxf6 21. Qxf6 Bh3 22. e4 Qxe4 23. f3 Qe3+ 24. Rf2 Rc8 25. Qb2 Rc3 26. Rd1 Qc5 27. Qe2 Re3 28. Qc2 Qxc2 29. Rxc2 Rxf3 30. Rc7 Rf7 31. Rd8+ Kg7 32. Rxf7+ Kxf7 33. Rb8 Be6 34. Rxb7+ Kf6 35. Rxa7 Ke5 36. Ra4 b3 37. a3 Kd5 1-0

[Event "Vaxjo op"]
[Site "Vaxjo"]
[Date "2022.03.04"]
[Round "4"]
[White "Nilsson, Patrik"]
[Black "Hector, Jonny"]
[Result "0-1"]
[WhiteElo "2191"]
[BlackElo "2441"]
[PlyCount "98"]
[EventDate "2022.03.04"]
[EventType "swiss"]
[EventRounds "8"]
[EventCountry "SWE"]
[SourceTitle "EXT 2024"]
[Source "ChessBase"]
[SourceDate "2023.10.10"]
[SourceVersion "1"]
[SourceVersionDate "2023.10.10"]
[SourceQuality "1"]

1. d4 d5 2. Bf4 c5 3. e3 Nc6 4. Nf3 Nf6 5. Nbd2 cxd4 6. exd4 Bf5 7. c3 e6 8. Qb3 Bd6 9. Qxb7 Bxf4 10. Qxc6+ Kf8 11. Ne5 Rc8 12. Qb7 Rc7 13. Qb4+ Kg8 14. h3 h5 15. Bd3 Bxe5 16. dxe5 Bxd3 17. Qd4 Bg6 18. exf6 Qxf6 19. Qxf6 gxf6 20. 0-0 Kg7 21. f4 Rb8 22. Nb3 a5 23. Rf2 a4 24. Nd4 Be4 25. a3 Rb6 26. Re1 e5 27. fxe5 fxe5 28. Nf5+ Kg6 29. Ng3 f5 30. Nxe4 fxe4 31. Rd2 Rb5 32. Red1 Rcc5 33. Kf2 Kf5 34. Ke3 Ke6 35. g4 hxg4 36. hxg4 Rc8 37. Rh1 Rf8 38. Rh6+ Ke7 39. Rh5 Rf3+ 40. Ke2 Kd6 41. Rh6+ Kc5 42. Re6 Rg3 43. Rxe5 Rg2+ 44. Ke3 Rxd2 45. Kxd2 Rxb2+ 46. Kc1 Rb3 47. Kc2 Rxa3 48. g5 Ra2+ 49. Kb1 Rg2 0-1

[Event "SWE-ch blitz"]
[Site "Helsingborg"]
[Date "2021.11.14"]
[Round "11"]
[White "Nilsson, Patrik"]
[Black "Mauritsson, Sebastian"]
[Result "0-1"]
[WhiteElo "2143"]
[BlackElo "2390"]
[PlyCount "58"]
[EventDate "2021.11.14"]
[EventType "swiss (blitz)"]
[EventRounds "13"]
[EventCountry "SWE"]
[SourceTitle "EXT 2024"]
[Source "ChessBase"]
[SourceDate "2023.10.10"]
[SourceVersion "1"]
[SourceVersionDate "2023.10.10"]
[SourceQuality "1"]

1. d4 d5 2. Bf4 Nf6 3. e3 c5 4. c3 Nc6 5. Nd2 Bf5 6. Ngf3 e6 7. Qb3 Qc8 8. c4 cxd4 9. exd4 Bb4 10. Be2 0-0 11. 0-0 Bxd2 12. Bxd2 dxc4 13. Bxc4 Qc7 14. Rfe1 h6 15. a4 Rfd8 16. Bc3 Rac8 17. Bf1 Nd5 18. Bd2 Qd7 19. Ne5 Nxe5 20. dxe5 Bc2 21. Qg3 Bg6 22. Red1 Rc2 23. b4 Rdc8 24. b5 b6 25. Bd3 Bxd3 26. Qxd3 Kh8 27. a5 Qc7 28. Rdc1 Rxc1+ 29. Rxc1 Qxc1+ 0-1

[Event "SWE-ch blitz"]
[Site "Helsingborg"]
[Date "2021.11.14"]
[Round "6"]
[White "Nilsson, Patrik"]
[Black "Troedsson, Anton"]
[Result "1-0"]
[WhiteElo "2143"]
[BlackElo "2104"]
[PlyCount "89"]
[EventDate "2021.11.14"]
[EventType "swiss (blitz)"]
[EventRounds "13"]
[EventCountry "SWE"]
[SourceTitle "EXT 2024"]
[Source "ChessBase"]
[SourceDate "2023.10.10"]
[SourceVersion "1"]
[SourceVersionDate "2023.10.10"]
[SourceQuality "1"]

1. d4 d5 2. Bf4 Nf6 3. e3 c5 4. c3 Qb6 5. Qb3 c4 6. Qc2 Nc6 7. Nd2 g6 8. e4 Nxe4 9. Nxe4 Bf5 10. f3 h5 11. Qe2 dxe4 12. fxe4 Bg4 13. Qxc4 e5 14. Be3 Qxb2 15. Rc1 exd4 16. Bd2 0-0-0 17. Ne2 b5 18. Qxc6+ Kb8 19. Nxd4 Bd6 20. Qxb5+ Qxb5 21. Nxb5 Bc5 22. Be2 Be6 23. a4 Kb7 24. e5 Bd5 25. Bf3 Bxf3 26. gxf3 Rd3 27. Ke2 Rd5 28. f4 Rhd8 29. Rhd1 h4 30. Nd4 Re8 31. Be3 g5 32. Rb1+ Kc8 33. Nf5 Rxd1 34. Rxd1 Bxe3 35. Kxe3 Kc7 36. Ke4 f6 37. Rd6 gxf4 38. e6 f3 39. Kxf3 Rg8 40. Rd7+ Kc6 41. Rg7 Re8 42. e7 Kd7 43. Rf7 Ke6 44. Rf8 Rxe7 45. Nxe7 1-0

[Event "SWE-ch blitz"]
[Site "Helsingborg"]
[Date "2021.11.14"]
[Round "8"]
[White "Nilsson, Patrik"]
[Black "Wellevit, Tomas"]
[Result "1-0"]
[WhiteElo "2143"]
[BlackElo "2113"]
[PlyCount "83"]
[EventDate "2021.11.14"]
[EventType "swiss (blitz)"]
[EventRounds "13"]
[EventCountry "SWE"]
[SourceTitle "EXT 2024"]
[Source "ChessBase"]
[SourceDate "2023.10.10"]
[SourceVersion "1"]
[SourceVersionDate "2023.10.10"]
[SourceQuality "1"]

1. d4 d5 2. Bf4 Nf6 3. e3 e6 4. Nd2 Bd6 5. Bg3 0-0 6. Bd3 c5 7. c3 Nc6 8. Ngf3 b6 9. Qe2 Bb7 10. Rd1 Re8 11. Ne5 Qc7 12. f4 Be7 13. f5 Nxe5 14. Bxe5 Qd7 15. fxe6 Qxe6 16. 0-0 Ne4 17. Nxe4 dxe4 18. Bc4 Bd5 19. b3 f6 20. Bg3 Rad8 21. Bxd5 Qxd5 22. c4 Qg5 23. d5 Bd6 24. Bxd6 Rxd6 25. Qf2 Re5 26. Qf4 Qxf4 27. Rxf4 g6 28. Rdf1 f5 29. g4 fxg4 30. Rf8+ Kg7 31. R1f7+ Kh6 32. Rxa7 Rf5 33. Rff7 Rxf7 34. Rxf7 g5 35. Re7 Kg6 36. Rxe4 Kf5 37. Re8 h5 38. e4+ Kf4 39. e5 Rd7 40. e6 Rg7 41. d6 Ke5 42. d7 1-0

[Event "Vaxjo op"]
[Site "Vaxjo"]
[Date "2020.02.08"]
[Round "5"]
[White "Wiklund, Johan"]
[Black "Nilsson, Patrik"]
[Result "0-1"]
[WhiteElo "1941"]
[BlackElo "2239"]
[PlyCount "102"]
[EventDate "2020.02.07"]
[EventType "swiss"]
[EventRounds "8"]
[EventCountry "SWE"]
[SourceTitle "CBM 194 Extra"]
[Source "ChessBase"]
[SourceDate "2020.03.31"]
[SourceVersion "1"]
[SourceVersionDate "2020.03.31"]
[SourceQuality "1"]

1. Nf3 f5 2. g3 Nf6 3. Bg2 g6 4. 0-0 Bg7 5. c4 0-0 6. Nc3 d6 7. d4 Qe8 8. Re1 Qf7 9. b3 Ne4 10. Bb2 Nc6 11. Rc1 e5 12. d5 Ne7 13. Rf1 Nxc3 14. Bxc3 h6 15. b4 g5 16. Qb3 Bd7 17. Nd2 e4 18. Bxg7 Qxg7 19. Qc3 c6 20. dxc6 bxc6 21. Qxg7+ Kxg7 22. Nb3 Rfc8 23. Rfd1 d5 24. e3 Be6 25. c5 Rcb8 26. a3 Kf6 27. Bf1 f4 28. Na5 Bd7 29. Ba6 Bc8 30. Be2 Ke5 31. Rb1 Bd7 32. Ba6 Rf8 33. Be2 Be8 34. a4 Nf5 35. Rb3 Rb8 36. b5 fxe3 37. fxe3 d4 38. Nc4+ Kd5 39. g4 d3 40. Bxd3 exd3 41. Rdxd3+ Kxc4 42. b6 axb6 43. cxb6 Ne7 44. e4 Bg6 45. a5 Bxe4 46. Rdc3+ Kd4 47. Rc1 Nd5 48. b7 c5 49. a6 Nb4 50. Rd1+ Kc4 51. Ra3 Bxb7 0-1

[Event "Vaxjo op"]
[Site "Vaxjo"]
[Date "2019.02.09"]
[Round "5"]
[White "Nilsson, Patrik"]
[Black "Hall, Alexander"]
[Result "1-0"]
[WhiteElo "2169"]
[BlackElo "1723"]
[PlyCount "63"]
[EventDate "2019.02.08"]
[EventType "swiss"]
[EventRounds "8"]
[EventCountry "SWE"]
[SourceTitle "CBM 188 Extra"]
[Source "ChessBase"]
[SourceDate "2019.02.26"]
[SourceVersion "1"]
[SourceVersionDate "2019.02.26"]
[SourceQuality "1"]

1. e4 c5 2. c3 Nf6 3. e5 Nd5 4. d4 cxd4 5. cxd4 d6 6. Nf3 Nc6 7. Bc4 Nb6 8. Bb5 dxe5 9. Nxe5 Bd7 10. Nxd7 Qxd7 11. Nc3 e6 12. Qg4 a6 13. Bxc6 Qxc6 14. 0-0 Nd5 15. Bg5 Nxc3 16. bxc3 h6 17. Bh4 Qd5 18. Rfe1 h5 19. Qh3 Bd6 20. c4 Qxc4 21. d5 Qxd5 22. Rad1 Bxh2+ 23. Kxh2 Qxa2 24. Qf3 Qa4 25. Re4 Qc6 26. Red4 Qc7+ 27. Bg3 Qc6 28. Qa3 Rc8 29. Rd7 Qxd7 30. Rxd7 Kxd7 31. Qd6+ Ke8 32. Bh4 1-0

[Event "Vaxjo op"]
[Site "Vaxjo"]
[Date "2019.02.08"]
[Round "3"]
[White "Nilsson, Patrik"]
[Black "Ivarsson, Sebastian"]
[Result "1-0"]
[WhiteElo "2169"]
[BlackElo "1911"]
[PlyCount "61"]
[EventDate "2019.02.08"]
[EventType "swiss"]
[EventRounds "8"]
[EventCountry "SWE"]
[SourceTitle "CBM 188 Extra"]
[Source "ChessBase"]
[SourceDate "2019.02.26"]
[SourceVersion "1"]
[SourceVersionDate "2019.02.26"]
[SourceQuality "1"]

1. e4 e5 2. Nf3 Nc6 3. d4 exd4 4. Bc4 Nf6 5. e5 d5 6. Bb5 Ne4 7. Nxd4 Bd7 8. Bxc6 bxc6 9. 0-0 Bc5 10. Be3 0-0 11. f3 Ng5 12. f4 Ne4 13. Nd2 Rb8 14. Nxe4 dxe4 15. Qd2 Qe7 16. Qf2 Bb6 17. a4 c5 18. Ne2 c4 19. a5 Bxe3 20. Qxe3 Bg4 21. Nd4 Rxb2 22. Qxe4 c5 23. Nc6 Qb7 24. f5 Bxf5 25. Rxf5 Rc8 26. e6 Qxc6 27. exf7+ Kf8 28. Qxc4 Qb5 29. Qd5 Qc6 30. Qd3 c4 31. Qa3+ 1-0

[Event "Helsingor Xtracon op"]
[Site "Helsingor"]
[Date "2018.07.29"]
[Round "10"]
[White "Urkedal, Frode Olav Olsen"]
[Black "Nilsson, Patrik"]
[Result "1-0"]
[WhiteElo "2552"]
[BlackElo "2229"]
[PlyCount "51"]
[EventDate "2018.07.21"]
[EventType "swiss"]
[EventRounds "10"]
[EventCountry "DEN"]
[SourceTitle "CBM 185 Extra"]
[Source "ChessBase"]
[SourceDate "2018.07.29"]
[SourceVersion "1"]
[SourceVersionDate "2018.07.29"]
[SourceQuality "1"]

1. d4 f5 2. Bg5 h6 3. Bh4 g5 4. Bg3 Nf6 5. e3 d6 6. h4 Rg8 7. hxg5 hxg5 8. Be2 e6 9. Bh5+ Kd7 10. Bf3 Qe7 11. Nc3 c6 12. Qd3 Kc7 13. 0-0-0 Nbd7 14. Be2 e5 15. dxe5 Nxe5 16. Qd4 Ne8 17. Nf3 Bg7 18. Rh7 f4 19. exf4 Nxf3 20. Bxf3 Kb8 21. Qc4 Rf8 22. fxg5 Qxg5+ 23. Kb1 Bf5 24. Ne4 Qxg3 25. Nxg3 Bxh7 26. Qh4 1-0

[Event "Helsingor Xtracon op"]
[Site "Helsingor"]
[Date "2018.07.28"]
[Round "9"]
[White "Gonzalez, Francisco Silva"]
[Black "Nilsson, Patrik"]
[Result "0-1"]
[WhiteElo "2045"]
[BlackElo "2229"]
[PlyCount "84"]
[EventDate "2018.07.21"]
[EventType "swiss"]
[EventRounds "10"]
[EventCountry "DEN"]
[SourceTitle "CBM 185 Extra"]
[Source "ChessBase"]
[SourceDate "2018.07.29"]
[SourceVersion "1"]
[SourceVersionDate "2018.07.29"]
[SourceQuality "1"]

1. d4 f5 2. c4 Nf6 3. e3 d6 4. Nc3 g6 5. Qc2 Bg7 6. b3 0-0 7. Bb2 a5 8. f3 Na6 9. a3 c6 10. Bd3 e5 11. dxe5 dxe5 12. Na4 Qe7 13. Be2 Nc5 14. Nb6 Ra6 15. Nxc8 Rxc8 16. Rb1 Raa8 17. b4 axb4 18. axb4 Na6 19. Bc3 Nh5 20. Nh3 Qh4+ 21. Nf2 Qg5 22. g4 fxg4 23. fxg4 Nf6 24. h4 Qxe3 25. Rh3 Qb6 26. h5 Rf8 27. c5 Nxc5 28. Bc4+ Nd5 29. h6 Bh8 30. bxc5 Qxc5 31. Rxb7 Rf4 32. Bb3 Bf6 33. g5 Bxg5 34. Rg7+ Kh8 35. Bxe5 Qb4+ 36. Kf1 Bf6 37. Bxf4 Ra1+ 38. Bc1 Qf4 39. Rc3 Bxc3 40. Bxd5 Rxc1+ 41. Kg2 Qg5+ 42. Kh3 Qxh6+ 0-1

[Event "Helsingor Xtracon op"]
[Site "Helsingor"]
[Date "2018.07.26"]
[Round "7"]
[White "Schultz Pedersen, Jesper"]
[Black "Nilsson, Patrik"]
[Result "0-1"]
[WhiteElo "2057"]
[BlackElo "2229"]
[PlyCount "96"]
[EventDate "2018.07.21"]
[EventType "swiss"]
[EventRounds "10"]
[EventCountry "DEN"]
[SourceTitle "CBM 185 Extra"]
[Source "ChessBase"]
[SourceDate "2018.07.29"]
[SourceVersion "1"]
[SourceVersionDate "2018.07.29"]
[SourceQuality "1"]

1. e4 e6 2. d4 d5 3. e5 c5 4. Nf3 cxd4 5. Bd3 Nc6 6. 0-0 Nge7 7. Bf4 Ng6 8. Bg3 f5 9. h4 h5 10. c3 Be7 11. cxd4 Bxh4 12. Nxh4 Nxh4 13. Nc3 a6 14. Rc1 Ng6 15. Be2 Qg5 16. Bh2 f4 17. Qd2 0-0 18. Kh1 Qh6 19. Rfd1 Nge7 20. Na4 b5 21. Nc5 g5 22. Rc3 Nf5 23. Nb3 Bd7 24. Rdc1 Rfc8 25. Rh3 h4 26. Bg4 Qh7 27. Rhc3 b4 28. R3c2 a5 29. Bxf5 Qxf5 30. Nc5 Be8 31. Nb7 f3 32. Nd6 Qg4 33. g3 hxg3 34. fxg3 Bd7 35. Qd3 Kg7 36. Nxc8 Rxc8 37. Rf1 Rf8 38. Rd2 Be8 39. Qa6 Qe4 40. Qd3 Bg6 41. Qxe4 dxe4 42. Bg1 Ne7 43. Be3 Nd5 44. Bxg5 e3 45. Rh2 f2 46. Bh6+ Kg8 47. Bxf8 Be4+ 48. Rg2 e2 0-1

[Event "Helsingor Xtracon op"]
[Site "Helsingor"]
[Date "2018.07.25"]
[Round "6"]
[White "Nilsson, Patrik"]
[Black "Antonsen, Mikkel"]
[Result "0-1"]
[WhiteElo "2229"]
[BlackElo "2452"]
[PlyCount "44"]
[EventDate "2018.07.21"]
[EventType "swiss"]
[EventRounds "10"]
[EventCountry "DEN"]
[SourceTitle "CBM 185 Extra"]
[Source "ChessBase"]
[SourceDate "2018.07.29"]
[SourceVersion "1"]
[SourceVersionDate "2018.07.29"]
[SourceQuality "1"]

1. e4 e5 2. Nf3 Nc6 3. Bc4 Bc5 4. c3 Nf6 5. d4 exd4 6. e5 d5 7. Bb5 Ne4 8. cxd4 Bb6 9. Nc3 0-0 10. Be3 Bg4 11. h3 Bh5 12. 0-0 f5 13. exf6 Nxf6 14. g4 Nxg4 15. hxg4 Bxg4 16. Be2 Qd6 17. Re1 Rae8 18. Ne5 Bxe2 19. Rxe2 Nxe5 20. dxe5 Rxe5 21. Qd3 Rh5 22. f4 Qh6 0-1

[Event "Helsingor Xtracon op"]
[Site "Helsingor"]
[Date "2018.07.22"]
[Round "3"]
[White "Ni, Shiqun"]
[Black "Nilsson, Patrik"]
[Result "1-0"]
[WhiteElo "2435"]
[BlackElo "2229"]
[PlyCount "79"]
[EventDate "2018.07.21"]
[EventType "swiss"]
[EventRounds "10"]
[EventCountry "DEN"]
[SourceTitle "CBM 185 Extra"]
[Source "ChessBase"]
[SourceDate "2018.07.29"]
[SourceVersion "1"]
[SourceVersionDate "2018.07.29"]
[SourceQuality "1"]

1. e4 e6 2. d4 d5 3. Nd2 c5 4. Ngf3 Nc6 5. exd5 exd5 6. Bb5 Bd6 7. 0-0 Nge7 8. dxc5 Bxc5 9. Nb3 Bb6 10. c3 0-0 11. Bf4 Bg4 12. h3 Bh5 13. Be2 Re8 14. Bh2 Bg6 15. Bd3 Nf5 16. Kh1 Qf6 17. Qd2 Rad8 18. Rad1 Bh5 19. Qf4 Bg6 20. g4 Nd6 21. Bxg6 Qxg6 22. Rxd5 Ne4 23. Rxd8 Rxd8 24. Kg2 Nxf2 25. Ng5 Rf8 26. Rxf2 Bxf2 27. Kxf2 h6 28. Nf3 f5 29. Qc4+ Kh8 30. Qd3 Qe6 31. Qd6 Qf7 32. g5 Rd8 33. Qf4 h5 34. h4 a5 35. Nbd4 Qxa2 36. Qd2 a4 37. Qe2 Nxd4 38. Nxd4 Qd5 39. Qxh5+ Kg8 40. g6 1-0

[Event "Helsingor Xtracon op"]
[Site "Helsingor"]
[Date "2018.07.21"]
[Round "1"]
[White "Nielsen, Palle"]
[Black "Nilsson, Patrik"]
[Result "0-1"]
[WhiteElo "1771"]
[BlackElo "2229"]
[PlyCount "66"]
[EventDate "2018.07.21"]
[EventType "swiss"]
[EventRounds "10"]
[EventCountry "DEN"]
[SourceTitle "CBM 185 Extra"]
[Source "ChessBase"]
[SourceDate "2018.07.29"]
[SourceVersion "1"]
[SourceVersionDate "2018.07.29"]
[SourceQuality "1"]

1. e4 d6 2. d4 Nf6 3. Nc3 Nbd7 4. Nf3 e5 5. Bc4 Be7 6. 0-0 0-0 7. h3 c6 8. a3 b5 9. Ba2 a5 10. b4 Bb7 11. Re1 Qc7 12. Qd3 axb4 13. axb4 d5 14. exd5 Bxb4 15. dxe5 Nc5 16. Qd4 Bxc3 17. Qxc3 Nfe4 18. Rxe4 Nxe4 19. Qe3 cxd5 20. Ba3 Qc3 21. Qxc3 Nxc3 22. Bb3 b4 23. Bb2 Rxa1+ 24. Bxa1 Re8 25. Kh2 d4 26. Nxd4 Rxe5 27. Bb2 Bd5 28. Bxd5 Rxd5 29. Nc6 Rb5 30. Nxb4 Rxb4 31. Bxc3 Rc4 32. Ba5 Rxc2 33. Bb6 f6 0-1

[Event "Vaxjo op"]
[Site "Vaxjo"]
[Date "2018.02.09"]
[Round "3"]
[White "Johansson, Sven"]
[Black "Nilsson, Patrik"]
[Result "0-1"]
[WhiteElo "1925"]
[BlackElo "2160"]
[PlyCount "70"]
[EventDate "2018.02.09"]
[EventType "swiss"]
[EventRounds "8"]
[EventCountry "SWE"]
[SourceTitle "CBM 182 Extra"]
[Source "ChessBase"]
[SourceDate "2018.02.23"]
[SourceVersion "1"]
[SourceVersionDate "2018.02.23"]
[SourceQuality "1"]

1. d4 f5 2. c4 Nf6 3. Nc3 d6 4. Bg5 Nbd7 5. Qc2 g6 6. h4 Bg7 7. Nf3 h6 8. Bd2 0-0 9. 0-0-0 e5 10. dxe5 dxe5 11. e4 f4 12. Be2 c6 13. g3 fxg3 14. fxg3 Qe7 15. Rdg1 Ng4 16. h5 gxh5 17. Rxh5 Ndf6 18. Rh4 Be6 19. Rgh1 Qf7 20. Nd1 Qg6 21. Bd3 Rad8 22. Bc3 Nd7 23. Be2 Nc5 24. Bxe5 Nxe5 25. Nxe5 Qg5+ 26. Kb1 Qxe5 27. Ne3 Qg5 28. Nf1 Nxe4 29. Rxe4 Bf5 30. Rh5 Bxe4 31. Qxe4 Rxf1+ 32. Bxf1 Qxh5 33. Be2 Qe5 34. Qc2 Qxb2+ 35. Qxb2 Bxb2 0-1

[Event "Helsingor Xtracon op"]
[Site "Helsingor"]
[Date "2017.07.26"]
[Round "6"]
[White "Nilsson, Patrik"]
[Black "Petersen, Tom Petri"]
[Result "1/2-1/2"]
[WhiteElo "2152"]
[BlackElo "2338"]
[PlyCount "101"]
[EventDate "2017.07.22"]
[EventType "swiss"]
[EventRounds "10"]
[EventCountry "DEN"]
[SourceTitle "CBM 179 Extra"]
[Source "ChessBase"]
[SourceDate "2017.08.23"]
[SourceVersion "1"]
[SourceVersionDate "2017.08.23"]
[SourceQuality "1"]

1. e4 g6 2. d4 Bg7 3. Nc3 d6 4. Nf3 a6 5. Be2 Nd7 6. 0-0 e6 7. Re1 Ne7 8. Bf1 0-0 9. Bf4 b5 10. a4 b4 11. Na2 a5 12. c3 bxc3 13. Nxc3 e5 14. dxe5 Nxe5 15. Nxe5 Bxe5 16. Bxe5 dxe5 17. Nb5 Rb8 18. Qxd8 Rxd8 19. Red1 Rxd1 20. Rxd1 Be6 21. Nxc7 Rxb2 22. Nxe6 fxe6 23. Bb5 Rc2 24. f3 Nc6 25. Bxc6 Rxc6 26. Rd8+ Kg7 27. Rd7+ Kg8 28. Ra7 Rc5 29. h4 h6 30. Kh2 Kf8 31. h5 gxh5 32. Kh3 Kg8 33. Kh4 Rc2 34. Rxa5 Rxg2 35. Ra7 Rh2+ 36. Kg3 Ra2 37. Re7 Rxa4 38. Rxe6 Ra5 39. Rxh6 Kg7 40. Rxh5 Kf6 41. Kg4 Ra3 42. Rh6+ Kf7 43. Rb6 Ke7 44. Kf5 Rxf3+ 45. Kxe5 Rh3 46. Rb7+ Ke8 47. Kd6 Rh6+ 48. Kd5 Rg6 49. e5 Rh6 50. e6 Rh1 51. Ke4 1/2-1/2